Normal view
MARC view
- Chacko Accamma. & Augusline Alice
Entry Personal Name
001 - CONTROL NUMBER
- control field: 177265
003 - CONTROL NUMBER IDENTIFIER
- control field: OSt
005 - DATE AND TIME OF LATEST TRANSACTION
- control field: 20230314152157.0
008 - FIXED-LENGTH DATA ELEMENTS
- fixed length control field: 230314|| aca||aabn | a|a d
040 ## - CATALOGING SOURCE
- Original cataloging agency: OSt
- Transcribing agency: OSt
100 ## - HEADING--PERSONAL NAME
- Personal name: Chacko Accamma. & Augusline Alice
670 ## - SOURCE DATA FOUND
- Source citation: Work cat.: (OSt)137239: Chacko Accamma. & Augusline Alice, Clinical Nursing Procedure Manual, 2004